<?xml version="1.0" encoding="UTF-8"?>
<record
    xmlns:xsi="http://www.w3.org/2001/XMLSchema-instance"
    xsi:schemaLocation="http://www.loc.gov/MARC21/slim http://www.loc.gov/standards/marcxml/schema/MARC21slim.xsd"
    xmlns="http://www.loc.gov/MARC21/slim">

  <leader>01422aab a2200229 i 4500</leader>
  <controlfield tag="001">768714001</controlfield>
  <controlfield tag="003">CO-MdFUSB</controlfield>
  <controlfield tag="005">20240808164322.0</controlfield>
  <controlfield tag="008">240808t2000    -us||||| |||| 00| 0 eng d</controlfield>
  <datafield tag="040" ind1=" " ind2=" ">
    <subfield code="b">spa</subfield>
    <subfield code="c">CO-MdFUSB</subfield>
  </datafield>
  <datafield tag="041" ind1=" " ind2=" ">
    <subfield code="a">eng</subfield>
  </datafield>
  <datafield tag="100" ind1=" " ind2=" ">
    <subfield code="a">O' Connor, Daniel,</subfield>
    <subfield code="e">autor</subfield>
  </datafield>
  <datafield tag="245" ind1="1" ind2="0">
    <subfield code="a">United society for the propagation of the gospel, 1701-2000 : </subfield>
    <subfield code="b">chronicling three centuries of mission</subfield>
    <subfield code="c">/ Daniel O' Connor</subfield>
  </datafield>
  <datafield tag="520" ind1=" " ind2=" ">
    <subfield code="a">La Propagaci&#xF3;n del Evangelio, 1701-2000, fue dirigida por la Iglesia gobernada por el pueblo trabajando en estrecha colaboraci&#xF3;n con el poder colonial y apoyada por &#xE9;ste, y fundada por una carta real en 1701, la agencia misionera parroquial m&#xE1;s antigua y, de hecho, la &#xFA;nica, formalmente establecida por la Iglesia de Inglaterra, y la catequesis.  El nombre de la sociedad se hac&#xED;a eco conscientemente de la Carta de Propaganda Fide Cat&#xF3;lica de 1622 y apuntaba al Parlamento Europeo, cuya carta otorgaba a todos los obispos diocesanos la condici&#xF3;n de miembros ex officio de la Iglesia y exig&#xED;a que se presentara anualmente al lord canciller.</subfield>
  </datafield>
  <datafield tag="546" ind1=" " ind2=" ">
    <subfield code="a">Texto en ingl&#xE9;s.</subfield>
  </datafield>
  <datafield tag="650" ind1=" " ind2="0">
    <subfield code="a">Historia de la Iglesia</subfield>
    <subfield code="9">153</subfield>
  </datafield>
  <datafield tag="650" ind1=" " ind2="0">
    <subfield code="a">Evangelizaci&#xF3;n</subfield>
    <subfield code="9">362</subfield>
  </datafield>
  <datafield tag="650" ind1=" " ind2="0">
    <subfield code="a">Misiones</subfield>
    <subfield code="9">154</subfield>
  </datafield>
  <datafield tag="773" ind1="0" ind2=" ">
    <subfield code="t">International Bulletin</subfield>
    <subfield code="0">49483</subfield>
    <subfield code="9">60997</subfield>
    <subfield code="g">Volumen 25, (n&#xFA;mero 2, 2001), p&#xE1;ginas:  75 - 79</subfield>
    <subfield code="q">p&#xE1;gina: 75</subfield>
  </datafield>
  <datafield tag="942" ind1=" " ind2=" ">
    <subfield code="c">ANA</subfield>
  </datafield>
  <datafield tag="945" ind1=" " ind2=" ">
    <subfield code="a">Catherine Arias &#xC1;lvarez - Practicante SENA</subfield>
  </datafield>
  <datafield tag="999" ind1=" " ind2=" ">
    <subfield code="c">57256</subfield>
    <subfield code="d">57256</subfield>
  </datafield>
</record>
